Computer-Based instruction: methods and development
Guardat en:
| Autors principals: | , |
|---|---|
| Format: | Llibre |
| Idioma: | anglès |
| Publicat: |
Hoboken
Prentice-Hall
1985
|
| Matèries: | |
| Etiquetes: |
Afegir etiqueta
Sense etiquetes, Sigues el primer a etiquetar aquest registre!
|
MARC
| LEADER | 00000nam a2200000 a 4500 | ||
|---|---|---|---|
| 001 | UCT3933 | ||
| 003 | CL-VaPUC | ||
| 008 | 961031e19850000us |||||||||||||||||eng|d | ||
| 082 | 0 | 4 | |a 371.334 |b ALE |2 21 |
| 100 | 0 | |a Alessi, Stephen M |e author |9 373017 | |
| 700 | 0 | |a Trollip, Stanley R |e author |9 373018 | |
| 245 | 1 | 0 | |a Computer-Based instruction: methods and development |
| 300 | |a 418 p | ||
| 942 | |c BK | ||
| 945 | |d 19961031 00:00:00 |a nastorga | ||
| 260 | |a Hoboken |b Prentice-Hall |c 1985 | ||
| 650 | 7 | |a ENSEÑANZA CON AYUDA DE COMPUTADORES |2 CL-VaPUC |9 262450 | |
| 650 | 0 | |a Lenguajes de programación |9 259458 | |
| 650 | 0 | |a Sistemas operativos |9 260288 | |
| 650 | 0 | |a Proceso de datos |9 259776 | |
| 650 | 0 | |a Métodos de enseñanza |9 270413 | |
| 650 | 7 | |a INTELIGENCIA ARTIFICIAL |2 CL-VaPUC |9 373019 | |
| 583 | |a last modification |c 20170829 01:40:48 |k Rodrigo Vera | ||
| 999 | |c 253431 |d 253429 | ||
| 952 | |0 0 |1 0 |4 0 |6 371_334000000000000_ALE_1985 |7 0 |8 P |9 274281 |a BIBEDU |b BIBEDU |c BIBEDU_PB |d 2019-11-19 |i 3241459 |o 371.334 ALE 1985 |p 3241459 |r 2024-01-25 |w 2019-11-19 |y BK |k EDU | ||